[Event "FIDE Zonal 2.5-W 2019"]
[Site "Montevideo"]
[Date "2019.04.13"]
[Round "1.1"]
[White "Amura, Claudia"]
[Black "Meza, Anahi"]
[Result "1-0"]
[WhiteElo "2260"]
[BlackElo "2073"]
[Annotator "TA"]
[PlyCount "101"]
[EventDate "2019.04.13"]
[EventType "swiss"]
[EventCountry "URU"]
[SourceTitle "playchess.com"]
[Source "ChessBase"]
[SourceQuality "1"]

{[%evp 12,101,40,34,41,12,45,25,44,20,25,10,14,16,22,26,18,14,12,7,4,-32,-33,-35,0,-27,6,-7,18,17,23,6,30,19,32,21,46,37,42,6,11,8,14,8,104,122,110,33,39,18,89,100,103,111,222,218,234,247,294,233,345,314,314,311,318,312,368,375,337,282,347,335,315,336,420,406,409,273,610,595,1000,993,29991,29989,29992,29993,29994,29995,29995,29996,29996,29997]} 1. d4 Nf6 2. c4 g6 3. Nc3 Bg7 4. Nf3 O-O 5. Bg5 d6 6. e3 c6 7. Be2 Qb6 {E61: King's Indian: Early deviations for White, including Smyslov System} 8. Qc1 $146 ({Predecessor:} 8. a3 Bf5 9. b4 a5 10. c5 Qc7 11. O-O axb4 12. axb4 Nbd7 13. cxd6 exd6 14. Nd2 Nb6 15. Rc1 {½-½ (32) Speelman,J (2625)-Cramling,P (2545) Oropesa del Mar 1996}) 8... Nbd7 9. O-O e5 {White has an edge.} 10. a3 h6 11. Bh4 g5 {And now ...exd4 would win.} 12. Bg3 {[%cal Rd4e5]} Nh5 $1 13. dxe5 Nxg3 14. hxg3 Nxe5 15. Qc2 Be6 16. b3 Nxf3+ 17. gxf3 Qa5 18. Rfc1 Qe5 19. f4 gxf4 20. exf4 Qf6 21. Ra2 d5 22. cxd5 cxd5 {White must now prevent ...Rac8.} 23. Qd1 Rad8 24. Rd2 {[%cal Rc3d5]} d4 25. Ne4 Qg6 26. Nc5 Bd5 27. Bf3 Bxf3 (27... Qc6 $11 {remains equal.} 28. Bxd5 Qxd5) 28. Qxf3 $16 b6 {[#]} 29. Nd3 ({Better is} 29. f5 $1 $16 {[%cal Rf5g6]} Qd6 30. Ne4) 29... Rc8 $14 30. Rdc2 Rxc2 (30... Rc3 $11 31. Rxc3 dxc3) 31. Rxc2 $16 Qe6 32. Rc7 Rc8 (32... Qxb3 $16 {was called for.} 33. Rxa7 Rc8) 33. f5 $18 ({Less strong is} 33. Rxa7 Qxb3 34. f5 Bf6 $16) 33... Qe8 34. Rxa7 {Strongly threatening f6.} Bf6 35. Kg2 Kh7 (35... Qc6 $142 36. b4 h5) 36. Qd5 Kg8 37. b4 Rd8 38. Qf3 Kg7 39. Nf4 Kh8 40. Rb7 b5 41. Ra7 Bg5 42. Nd3 Bf6 43. Nc5 Bg5 {Black hopes to continue with ...Kg8.} 44. Kh3 Bf6 $2 (44... Kg8 45. Kg2 Qe5) 45. Ne4 Be5 46. Qh5 {[%mdl 64] [#] Double Attack} d3 47. Qxh6+ {White mates.} Kg8 48. f6 {[%csl Gf6][%cal Rh6g7]} Qf8 49. Qg5+ {[%mdl 64] Double Attack} Kh8 50. Qh5+ Kg8 51. Ng5 {Accuracy: White = 57%, Black = 26%.} 1-0

[Event "FIDE Zonal 2.5-W 2019"]
[Site "Montevideo"]
[Date "2019.04.13"]
[Round "1.2"]
[White "Gomez Barrera, Javiera Belen"]
[Black "Perez Rodriguez, Jennifer"]
[Result "0-1"]
[WhiteElo "2016"]
[BlackElo "2237"]
[Annotator "TA"]
[PlyCount "74"]
[EventDate "2019.04.13"]
[EventType "swiss"]
[EventCountry "URU"]
[SourceTitle "playchess.com"]
[Source "ChessBase"]
[SourceQuality "1"]

{[%evp 10,74,17,8,12,16,7,-10,0,-30,-37,-41,-39,-51,-35,-41,-47,-48,-54,-40,-39,-40,-31,-153,-154,-155,-141,-222,-174,-180,-168,-188,-197,-181,-174,-244,-243,-234,-231,-292,-294,-283,-292,-304,-302,-277,-273,-352,-329,-465,-464,-418,-383,-418,-387,-362,-294,-292,-295,-297,-300,-293,-308,-301,-272,-272,-254]} 1. e4 e5 2. Nf3 Nc6 3. Bc4 Bc5 4. d3 Nf6 5. c3 d6 6. Bb3 a5 {C54: Giuoco Piano: 4 c3 Nf6, main lines with 5 d4 and 5 d3} 7. O-O O-O 8. Ba4 $146 ({Predecessor:} 8. a4 Re8 9. Be3 Bxe3 10. fxe3 Ne7 11. Nbd2 Ng6 12. Qe1 Be6 13. Bxe6 Rxe6 14. Ng5 Re7 15. Qg3 {0-1 (45) Dgebuadze,A (2524)-Adams,M (2728) Germany 2010}) 8... Ne7 {The position is equal.} 9. Qe2 Ba7 10. h3 Ng6 11. d4 Bd7 12. Bc2 Re8 13. dxe5 dxe5 14. Rd1 Qc8 15. Nh2 h6 16. Nd2 (16. a4 $15) 16... Nf4 $17 17. Qf3 {[#]} Nh7 $1 {[%cal Rh7g5]} 18. h4 (18. Kf1 $17 {was necessary.}) 18... h5 {Strongly threatening ...Bg4.} 19. Re1 Bg4 $36 {[%mdl 2048] Black is on the roll.} 20. Qg3 Ne2+ 21. Rxe2 Bxe2 22. Ndf3 (22. Ndf1 $142) 22... Qe6 $19 23. Bb3 Bc4 24. Bxc4 Qxc4 25. Bh6 {[%csl Gh6][%cal Rg3g7] [#]} g6 26. Nxe5 Qxe4 27. Nhf3 Qf5 28. Rd1 {intending Rd7.} Rad8 29. Rxd8 (29. Rf1 {might work better.}) 29... Rxd8 30. Kh2 Re8 31. Kg1 Bc5 32. Qf4 Qxf4 33. Bxf4 {Black has a decisive advantage.} Bd6 34. Kf1 Nf6 35. Nd3 Bxf4 36. Nxf4 Ng4 37. Nd4 Kg7 {Accuracy: White = 58%, Black = 87%.} 0-1

[Event "FIDE Zonal 2.5-W 2019"]
[Site "Montevideo"]
[Date "2019.04.13"]
[Round "1.3"]
[White "Fernandez, Maria Florencia"]
[Black "Nejanky, Maisa"]
[Result "1/2-1/2"]
[WhiteElo "2227"]
[BlackElo "2000"]
[Annotator "TA"]
[PlyCount "75"]
[EventDate "2019.04.13"]
[EventType "swiss"]
[EventCountry "URU"]
[SourceTitle "playchess.com"]
[Source "ChessBase"]
[SourceQuality "1"]

{[%evp 26,75,39,25,11,-7,16,-20,-12,-95,-68,-67,-54,-47,-18,-160,-157,-104,-18,-18,-18,-16,-17,-23,6,2,9,10,11,14,17,0,0,0,0,0,0,0,0,0,3,0,3,0,0,0,6,0,0,0,8,0]} 1. d4 {[%cal Bd2d4,Bd4e5][%mdl 32]} Nf6 2. c4 e5 3. dxe5 Ng4 4. Bf4 Nc6 5. Nf3 Bb4+ 6. Nbd2 Qe7 7. a3 Ngxe5 8. Nxe5 Nxe5 9. e3 Bxd2+ 10. Qxd2 d6 11. Be2 O-O 12. O-O b6 {[%cal Bb7b6,Bb6c5][%mdl 32]} 13. b4 Bb7 14. Qc3 {LiveBook: 4 Games} Nd7 {A52: Budapest Gambit} (14... Ng6 15. Bg3 f5 16. Rfe1 a5 17. c5 axb4 18. Qb3+ d5 19. cxb6 c5 20. Bf3 Qe6 21. axb4 c4 22. Qc3 Rxa1 23. Rxa1 Qxb6 {1-0 (32) Galliamova,A (2484)-Lujan,C (2349) Sochi 2015}) 15. Rfc1 a5 $146 ({Predecessor:} 15... f5 16. Re1 h6 17. Bg3 Qf6 18. Qb3 Kh7 19. Rac1 a5 {1-0 (35) Hopman,P (2365)-Ilmoni,T (2121) Pattaya 2011}) 16. Bg4 f5 17. c5 (17. Bd1 $11) 17... bxc5 18. Bd1 axb4 19. axb4 Kh8 20. Ba4 {[#]} (20. f3 $11 {keeps the balance.}) 20... Nb6 $1 $17 {[%cal Rb6a4]} 21. Bb3 {[%cal Rb4c5]} Qe4 (21... Rxa1 $17 22. Rxa1 Qe4) 22. f3 $11 Qxb4 23. Qxb4 cxb4 24. Rab1 Rac8 25. Be6 {The position is equal.} Rce8 26. Rxc7 Rxe6 27. Rxb7 Nd5 28. Kf2 h6 {White must now prevent ...Ra8.} 29. Rd1 Nxf4 30. exf4 {[%mdl 4096] Endgame KRR-KRR} Ra8 {[#] Threatens to win with ...Ra2+.} 31. Rd2 Ra4 32. Rb2 Kg8 33. Rb5 Rf6 34. Rb7 Rf7 35. Rb6 Rf6 36. Rb7 Rf7 37. Rb6 Rf6 38. Rb7 {Precision: White = 29%, Black = 50%.} 1/2-1/2

[Event "FIDE Zonal 2.5-W 2019"]
[Site "Montevideo"]
[Date "2019.04.13"]
[Round "1.4"]
[White "Reyes Jara, Paula"]
[Black "Zuriel, Marisa"]
[Result "0-1"]
[WhiteElo "1926"]
[BlackElo "2153"]
[Annotator "TA"]
[PlyCount "80"]
[EventDate "2019.04.13"]
[EventType "swiss"]
[EventCountry "URU"]
[SourceTitle "playchess.com"]
[Source "ChessBase"]
[SourceQuality "1"]

{[%evp 18,80,31,0,32,0,14,-5,0,-15,-1,-137,-143,-134,-138,-193,-191,-191,-187,-184,-181,-177,-186,-192,-165,-173,-196,-193,-189,-187,-196,-164,-116,-172,-169,-189,-198,-245,-226,-305,-293,-339,0,-204,0,-349,-339,-329,-323,-382,-377,-463,-471,-784,-771,-866,-842,-841,-822,-1011,-1011,-956,-910,-933,-933]} 1. e4 c5 2. Nf3 d6 3. d4 cxd4 4. Nxd4 Nf6 5. Nc3 a6 6. Bg5 e6 7. f4 Qc7 8. Qf3 Nc6 9. O-O-O Be7 10. g4 h6 {B98: Sicilian Najdorf: 6 Bg5 e6 7 f4 Be7, sidelines} 11. Bxf6 Bxf6 12. Nce2 Bd7 {The position is equal.} 13. Kb1 Rc8 14. Qb3 $146 (14. c3 $11 {keeps the balance.}) ({Predecessor:} 14. c3 b5 15. Nxc6 Bxc6 16. Bg2 Be7 17. Qe3 Ba8 18. h4 {0-1 (57) Gempe,A (2105)-Voiska,M (2370) Germany 1995}) 14... Na5 $17 {[%cal Bc6a5,Ba5c4,Bc4e3][%mdl 32]} 15. Qd3 Nc4 $36 {[%mdl 2048] White is under strong pressure.} 16. c3 (16. Rg1 $17) 16... Qb6 $19 {[%csl Gc4][%cal Rb6b2]} 17. Nb3 a5 {[%cal Ba6a5,Ba5a4][%mdl 32] Threatens to win with ...a4.} 18. e5 Bd8 {And now ...a4 would win.} 19. Qd4 {[%cal Re5d6] [#]} a4 $1 {[%cal Ra4b3]} 20. Nec1 Ne3 21. Qxb6 Bxb6 22. Rxd6 Bc6 23. Rxc6 bxc6 24. Nd2 Nxg4 25. Ne4 (25. Nc4 $17 {was the only chance.} Rb8 26. Bg2) 25... Ke7 26. Be2 Ne3 27. Bf3 Rhd8 28. a3 Nc4 29. Kc2 Ne3+ 30. Kb1 Nc4 (30... Rb8 $142 31. Na2 Nd5) 31. Kc2 $1 f5 32. exf6+ gxf6 {aiming for ...f5.} 33. Nd3 Rd7 34. Be2 Rcd8 {Black is clearly winning.} 35. Nb4 {[#]} (35. Ng3 $142) 35... Rd2+ $1 {[%mdl 512]} 36. Nxd2 Rxd2+ 37. Kc1 Rxe2 38. Rd1 Be3+ 39. Kb1 Rxb2+ 40. Ka1 Rd2 {Precision: White = 31%, Black = 74%.} 0-1

[Event "FIDE Zonal 2.5-W 2019"]
[Site "Montevideo"]
[Date "2019.04.13"]
[Round "1.5"]
[White "Sarquis, Maria Belen"]
[Black "Malan, Lucia"]
[Result "1/2-1/2"]
[WhiteElo "2141"]
[BlackElo "1877"]
[Annotator "TA"]
[PlyCount "104"]
[EventDate "2019.04.13"]
[EventType "swiss"]
[EventCountry "URU"]
[SourceTitle "playchess.com"]
[Source "ChessBase"]
[SourceQuality "1"]

{[%evp 9,104,19,24,20,23,20,43,42,39,27,46,0,0,2,68,52,60,58,76,78,68,36,36,25,20,8,8,0,0,0,0,-3,-6,-20,0,-7,-7,-79,58,60,64,24,20,10,19,0,0,0,0,0,23,0,20,0,12,10,86,45,103,39,51,55,48,31,70,47,51,50,47,0,0,-21,-16,-15,-18,-29,0,0,0,0,0,0,15,15,17,15,15,18,34,0,0,0,0,0,0,0,0]} 1. e4 e5 2. Nf3 Nc6 3. Bc4 Bc5 4. c3 Nf6 5. d3 O-O 6. a4 {C54: Giuoco Piano: 4 c3 Nf6, main lines with 5 d4 and 5 d3} a5 7. O-O d5 8. exd5 {White is slightly better.} Nxd5 9. Re1 Nb6 (9... Bg4 10. Nbd2 Nb6 11. Bb5 Bd6 12. Ne4 Na7 13. h3 Bh5 14. Ng3 Bxf3 15. Qxf3 c6 {½-½ (33) Nakamura,H (2777)-So,W (2780) chess.com INT 2018}) 10. Bb3 Bg4 11. h3 $146 ({Predecessor:} 11. Na3 Bxa3 12. Rxa3 Qf6 13. Be3 Nd7 14. Bd5 Qd6 15. Ba2 Qf6 16. Bd5 Qd6 {½-½ (41) Gross Winter,G (2283)-Ybarra,M ICCF email 2016}) 11... Bxf3 ({Black should try} 11... Bh5 $1 $11) 12. Qxf3 $14 Qd7 13. Nd2 Rad8 14. Ne4 Be7 15. Rd1 Nd5 16. Bc4 f5 17. Ng3 Kh8 18. Re1 Bc5 19. Bg5 Be7 20. h4 Bxg5 21. hxg5 Nf4 {[%cal Rf4d3]} 22. d4 Ng6 23. Qh5 {[#]} (23. Bb5 $11) 23... f4 ({Black should play} 23... Qd6 $1 $17 24. Ne2 exd4 25. cxd4 Qb4) 24. Ne4 b6 25. Bb5 exd4 26. cxd4 {Strongly threatening Rac1.} Qd5 27. Nc3 Qd6 28. Bxc6 Qxc6 29. d5 Qc4 30. Re6 {aiming for Rxg6.} Kg8 31. Rd1 Qb3 32. Rd2 Rfe8 (32... Qb4 $11 {keeps the balance.}) 33. Qh3 Rf8 {[#]} (33... Qb4 $14) 34. Qd3 (34. f3 $1 $16) 34... f3 {...Nf4 is the strong threat.} 35. g3 Qb4 36. Re4 Qd6 37. Qe3 Qd7 {And now ...Qh3 would win.} 38. Kh2 Qf5 39. Rd1 {[#]} h6 $1 {[%mdl 512]} 40. g4 (40. gxh6 Qh5+) 40... Qxg5 41. Qxg5 hxg5 42. Kg3 Nf4 43. Re5 $1 Rd6 {Hoping for ...Rh6.} 44. Rxg5 Rh6 {[%csl Gf4][%cal Rh6h3]} 45. Rf5 Rxf5 46. gxf5 $11 {[%mdl 4096] Endgame KRN-KRN} Ne2+ 47. Kg4 Nxc3 48. bxc3 Kf7 49. Re1 Rh2 {The position is equal.} 50. Kg3 Rh5 $1 51. Kg4 Rh2 52. Kg3 Rh5 $1 {Accuracy: White = 47%, Black = 54%.} 1/2-1/2

[Event "FIDE Zonal 2.5-W 2019"]
[Site "Montevideo"]
[Date "2019.04.13"]
[Round "1.6"]
[White "Silva Rosas, Natalia"]
[Black "Vargas, Gabriela"]
[Result "0-1"]
[WhiteElo "1809"]
[BlackElo "2130"]
[Annotator "TA"]
[PlyCount "64"]
[EventDate "2019.04.13"]
[EventType "swiss"]
[EventCountry "URU"]
[SourceTitle "playchess.com"]
[Source "ChessBase"]
[SourceQuality "1"]

{[%evp 15,64,0,0,-10,-10,-55,-68,-79,-25,-39,-43,-68,-20,-65,-16,-125,-86,-182,-172,-332,-339,-339,-290,-414,-402,-478,-465,-468,-454,-466,-453,-457,-462,-460,-456,-618,-622,-620,-590,-640,-640,-640,-612,-612,-605,-605,-605,-1247,-1025,-1941,-1836]} 1. e4 e6 2. d3 d5 3. Nd2 Nf6 4. Ngf3 b6 5. g3 dxe4 6. dxe4 Bb7 7. Qe2 Ba6 {C00: French: Unusual White 2nd moves} (7... Nc6 8. c3 a5 9. Nc4 a4 10. e5 Nd7 11. Bf4 Na5 12. Ncd2 Be7 13. h4 Nc5 14. Rd1 Qd7 15. Be3 O-O-O 16. Bxc5 Bxc5 {0-1 (50) Petrosian,T (2654)-Grigoryan,A (2571) Yerevan 2014}) 8. c4 Nc6 {[%cal Bb8c6,Bc6d4,Bd4f3][%mdl 32] LiveBook: 12 Games} 9. a3 Nd4 $146 {The position is equal.} ({Predecessor:} 9... Bb7 10. Bg2 a5 11. O-O e5 12. b3 Bc5 13. Bb2 Qe7 14. Nb1 O-O 15. Nc3 {0-1 (31) Britton,R (2288)-Pert,N (2503) Liverpool 2006}) 10. Qd1 Nxf3+ 11. Qxf3 Be7 ({Better is} 11... Qd4 $17) 12. b4 {Black should prevent e5.} Bb7 {Threatens to win with ...Qd4.} 13. Bb2 Qd7 (13... a5 $5 {[%cal Ra5b4]} 14. b5 Bc5 $15) 14. Qe2 Rd8 {aiming for ...Nxe4!} 15. Rd1 (15. Bg2 $11) 15... Bxe4 16. Bxf6 (16. Nxe4 $17 {is a better defense.} Qxd1+ 17. Qxd1 Rxd1+ 18. Kxd1 Nxe4 19. Ke2) 16... Bxh1 $19 17. Bxe7 $2 {[#]} (17. Bxg7 Rg8 18. Bc3) 17... Qxe7 18. f3 Qf6 19. c5 (19. Qe3 {was necessary.}) 19... O-O 20. cxb6 cxb6 {Black is clearly winning.} 21. Kf2 Qd4+ 22. Qe3 Rd6 23. Qxd4 Rxd4 24. Be2 Rfd8 25. Ke3 Bg2 26. h4 h5 27. Rg1 Rxd2 28. Rxg2 {[#]} R8d3+ $1 {[%mdl 512]} 29. Bxd3 Rxg2 30. Kf4 Ra2 31. Kg5 Rxa3 32. Be4 a5 {Precision: White = 14%, Black = 79%.} 0-1

[Event "FIDE Zonal 2.5-W 2019"]
[Site "Montevideo"]
[Date "2019.04.13"]
[Round "1.7"]
[White "Brizzi, Milagros Tatiana"]
[Black "Podesta, Sofia"]
[Result "1-0"]
[WhiteElo "2126"]
[BlackElo "1417"]
[Annotator "TA"]
[PlyCount "52"]
[EventDate "2019.04.13"]
[EventType "swiss"]
[EventCountry "URU"]
[SourceTitle "playchess.com"]
[Source "ChessBase"]
[SourceQuality "1"]

{[%evp 24,52,48,44,56,60,57,49,58,62,65,45,141,127,104,98,140,105,122,103,102,93,123,111,135,128,140,147,698,729,1666]} 1. e4 e6 2. d4 d5 3. Nc3 dxe4 4. Nxe4 Nd7 5. Nf3 Ngf6 6. Bd3 Nxe4 7. Bxe4 Nf6 8. Bd3 c5 9. O-O Be7 10. dxc5 Bxc5 11. Bg5 O-O 12. Qe2 h6 13. Bh4 Be7 {C10: French with 3 Nc3: Unusual Black 3rd moves and 3...dxe4} (13... Qc7 14. Rad1 Bd7 15. Ne5 Rfd8 16. Bxf6 gxf6 17. Qg4+ Kf8 18. Nxf7 e5 19. Qg6 Be8 20. Nxd8 {1-0 (19) Kveinys,A (2519)-Brazdzionis,A (2283) Panevezys 2018}) 14. Rad1 Nd5 15. Bg3 {aiming for c4.} Qb6 {White is slightly better.} 16. c4 Nf6 17. Ne5 Nd7 ({Black should play} 17... Rd8 $14) 18. Bb1 Nxe5 $146 ({Predecessor:} 18... Rd8 19. Rxd7 Bxd7 20. Qd3 f5 21. Nxd7 {1-0 (45) Shushpanova,N (1985)-Malkova,N (2037) Odintsovo 2008}) 19. Bxe5 f6 20. Bc3 Bb4 21. Qd3 {[#] White wants to mate with Qh7+.} f5 22. Be5 $40 {[%mdl 128] White goes for the king.} Be7 23. Qg3 {[%csl Ge5][%cal Rg3g7]} Bf6 24. Rfe1 Bxe5 25. Qxe5 Rd8 $2 {[%mdl 8192] [#]} (25... Qc6 $16 26. b3 b6) 26. c5 $18 Rf8 {Accuracy: White = 84%, Black = 37%.} 1-0

[Event "FIDE Zonal 2.5-W 2019"]
[Site "Montevideo"]
[Date "2019.04.14"]
[Round "2.1"]
[White "Zuriel, Marisa"]
[Black "Amura, Claudia"]
[Result "1/2-1/2"]
[WhiteElo "2153"]
[BlackElo "2260"]
[Annotator "NA"]
[PlyCount "34"]
[EventDate "2019.04.13"]
[EventType "swiss"]
[EventCountry "URU"]
[SourceTitle "playchess.com"]
[Source "ChessBase"]
[SourceQuality "1"]
[TimeControl "40/5400+30:1800+30"]

1. e4 {[%emt 0:00:00]} c5 {[%emt 0:00:11]} 2. Nf3 {[%emt 0:00:09]} Nc6 {[%emt 0:00:09]} 3. Nc3 {[%emt 0:00:25]} e5 {[%emt 0:01:39]} 4. Bc4 {[%emt 0:00:25]} Be7 {[%emt 0:00:33]} 5. d3 {[%emt 0:00:49]} Nf6 {[%emt 0:03:10]} 6. Nd2 {[%emt 0:01:35]} Na5 {[%emt 0:12:07]} 7. Nf1 {[%emt 0:01:47]} a6 $14 {[%emt 0:04:33]} 8. a4 {[%emt 0:09:51]} d6 {[%emt 0:00:47]} 9. Ne3 {[%emt 0:02:51]} O-O {[%emt 0:06:14]} 10. O-O Bd7 {[%emt 0:08:10]} 11. Ned5 {[%emt 0:10:29]} Nxd5 {[%emt 0:03:13]} 12. Nxd5 {[%emt 0:07:30]} Bg5 {[%emt 0:03:18]} 13. Bxg5 {[%emt 0:24:23]} Qxg5 {[%emt 0:00:07]} 14. Nb6 {[%emt 0:00:14]} Bg4 {[%emt 0:04:29]} 15. f3 {[%emt 0:02:25]} Bh3 {[%emt 0:00:57]} 16. Rf2 {[%emt 0:07:06]} Rad8 {[%emt 0:01:01]} 17. Bd5 {[%emt 0:00:52]} Be6 {[%emt 0:01:16]} 1/2-1/2

[Event "FIDE Zonal 2.5-W 2019"]
[Site "Montevideo"]
[Date "2019.04.14"]
[Round "2.2"]
[White "Perez Rodriguez, Jennifer"]
[Black "Brizzi, Milagros Tatiana"]
[Result "1/2-1/2"]
[WhiteElo "2237"]
[BlackElo "2126"]
[Annotator "NA"]
[PlyCount "50"]
[EventDate "2019.04.13"]
[EventType "swiss"]
[EventCountry "URU"]
[SourceTitle "playchess.com"]
[Source "ChessBase"]
[SourceQuality "1"]
[TimeControl "40/5400+30:1800+30"]

1. e4 c6 {[%emt 0:00:00]} 2. d4 {[%emt 0:09:12]} d5 {[%emt 0:00:00]} 3. exd5 {[%emt 0:00:05]} cxd5 {[%emt 0:00:07]} 4. c4 Nf6 {[%emt 0:01:26] LiveBook: 9183 Games} 5. Nc3 {[%emt 0:00:20]} Nc6 {[%emt 0:02:03]} 6. Nf3 {[%emt 0:00:25]} Bg4 {[%emt 0:00:43]} 7. cxd5 {[%emt 0:02:33]} Nxd5 8. Qb3 {[%emt 0:00:04]} Bxf3 {[%emt 0:01:50]} 9. gxf3 {[%emt 0:00:24]} e6 10. Qxb7 Nxd4 {[%emt 0:01:04]} 11. Bb5+ {[%emt 0:01:50]} Nxb5 {[%emt 0:00:15]} 12. Qc6+ {[%emt 0:00:09]} Ke7 {[%emt 0:00:18]} 13. Qxb5 {[%emt 0:00:22]} Qd7 $11 {[%emt 0:00:09]} 14. Nxd5+ Qxd5 {[%emt 0:00:09]} 15. Qxd5 {[%emt 0:03:36]} exd5 {[%emt 0:11:42]} 16. Be3 {[%emt 0:05:40]} Ke6 {[%emt 0:03:30]} 17. Ke2 {[%emt 0:08:08]} Bb4 {[%emt 0:06:23]} 18. Rac1 {[%emt 0:03:33]} Rhc8 {[%emt 0:12:12]} 19. Kd3 {[%emt 0:14:10]} Bd6 20. Rxc8 {[%emt 0:00:06]} Rxc8 {[%emt 0:00:38]} 21. Bxa7 Ra8 {[%emt 0:00:30]} 22. Bd4 {[%emt 0:00:40]} Rxa2 {[%emt 0:00:11]} 23. Bxg7 {[%emt 0:03:01]} f6 {[%emt 0:04:11]} 24. Kc2 {[%emt 0:13:26]} Be5 {[%emt 0:03:24]} 25. Rb1 Bxh2 1/2-1/2

[Event "FIDE Zonal 2.5-W 2019"]
[Site "Montevideo"]
[Date "2019.04.14"]
[Round "2.3"]
[White "Vargas, Gabriela"]
[Black "Fernandez, Maria Florencia"]
[Result "1/2-1/2"]
[WhiteElo "2130"]
[BlackElo "2227"]
[Annotator "NA"]
[PlyCount "120"]
[EventDate "2019.04.13"]
[EventType "swiss"]
[EventCountry "URU"]
[SourceTitle "playchess.com"]
[Source "ChessBase"]
[SourceQuality "1"]
[TimeControl "40/5400+30:1800+30"]

1. d4 {[%emt 0:08:38]} g6 {[%emt 0:00:00]} 2. Nf3 {[%emt 0:00:23]} Bg7 {[%emt 0:00:12]} 3. Bg5 {[%emt 0:00:58]} Nf6 {[%emt 0:00:22]} 4. Nbd2 {[%emt 0:00:14]} O-O {[%emt 0:00:37]} 5. c3 {[%emt 0:00:06]} d6 {[%emt 0:00:17]} 6. e4 {[%emt 0:00:32]} c5 {[%emt 0:00:21]} 7. dxc5 {[%emt 0:01:37]} dxc5 {[%emt 0:00:22]} 8. Bc4 {[%emt 0:00:54]} Qc7 {[%emt 0:01:00]} 9. O-O {[%emt 0:01:03]} Nc6 {[%emt 0:00:32]} 10. Qe2 {[%emt 0:01:47]} h6 {[%emt 0:00:27]} 11. Bh4 {[%emt 0:00:34]} Nh5 {[%emt 0:00:25]} 12. Qe3 {[%emt 0:01:54]} Na5 $15 {[%emt 0:02:28] LiveBook: 5 Games} 13. Bd3 {[%emt 0:08:05]} Be6 {[%emt 0:03:31]} 14. e5 {[%emt 0:08:52]} Rad8 {[%emt 0:06:49]} 15. Bc2 Nc6 {[%emt 0:27:20]} 16. Qxc5 {[%emt 0:19:09]} g5 {[%emt 0:08:07]} 17. Bg3 {[%emt 0:04:20]} Nxg3 {[%emt 0:00:56]} 18. hxg3 {[%emt 0:00:08]} Bxe5 {[%emt 0:24:12]} 19. Qe3 {[%emt 0:12:27]} Bg7 {[%emt 0:04:55]} 20. Qe4 {[%emt 0:09:24]} Rfe8 {[%emt 0:00:07]} 21. Nb3 {[%emt 0:01:18]} Bd5 {[%emt 0:04:24]} 22. Qh7+ {[%emt 0:00:36]} Kf8 {[%emt 0:00:03]} 23. Be4 {[%emt 0:01:19]} Bxe4 {[%emt 0:03:54]} 24. Qxe4 {[%emt 0:00:05]} Rd6 {[%emt 0:00:28]} 25. Rad1 {[%emt 0:04:45]} Red8 {[%emt 0:00:20]} 26. Rxd6 {[%emt 0:02:45]} Qxd6 {[%emt 0:00:25]} 27. Re1 {[%emt 0:04:29]} e6 {[%emt 0:01:42]} 28. Re2 {[%emt 0:01:59]} Qd1+ {[%emt 0:02:33]} 29. Re1 {[%emt 0:00:08]} Qd5 {[%emt 0:01:00]} 30. Qxd5 {[%emt 0:05:14]} Rxd5 {[%emt 0:00:05]} 31. g4 {[%emt 0:00:28]} b5 {[%emt 0:03:57]} 32. a3 {[%emt 0:01:39]} a5 {[%emt 0:00:59]} 33. Re2 {[%emt 0:01:38]} Rd1+ {[%emt 0:02:19]} 34. Re1 {[%emt 0:00:44]} Rxe1+ {[%emt 0:01:10]} 35. Nxe1 {[%emt 0:00:02]} Ke7 {[%emt 0:00:17]} 36. Kf1 {[%emt 0:00:10]} Kd6 {[%emt 0:00:05]} 37. Ke2 {[%emt 0:00:42]} Kd5 {[%emt 0:00:20]} 38. f3 {[%emt 0:00:20]} f5 {[%emt 0:00:36]} 39. gxf5 {[%emt 0:00:26]} exf5 {[%emt 0:00:04]} 40. Nd3 {[%emt 0:00:27]} Bf8 {[%emt 0:01:11]} 41. Nd2 {[%emt 0:30:54]} Bd6 {[%emt 0:10:12]} 42. Nf1 {[%emt 0:00:00]} h5 {[%emt 0:03:36]} 43. Ne3+ {[%emt 0:00:00]} Ke6 {[%emt 0:00:05]} 44. Nc2 {[%emt 0:00:00]} h4 {[%emt 0:01:30]} 45. Ke3 {[%emt 0:00:00]} g4 {[%emt 0:05:46]} 46. fxg4 {[%emt 0:00:00]} fxg4 {[%emt 0:00:05]} 47. Ke4 {[%emt 0:00:00]} h3 {[%emt 0:04:37]} 48. gxh3 {[%emt 0:00:00]} gxh3 {[%emt 0:00:05]} 49. Kf3 {[%emt 0:00:00]} h2 {[%emt 0:00:35]} 50. Kg2 {[%emt 0:00:00]} Kd5 {[%emt 0:01:44]} 51. b3 {[%emt 0:00:00]} Ne7 {[%emt 0:07:39]} 52. a4 {[%emt 0:00:00]} bxa4 {[%emt 0:00:21]} 53. c4+ {[%emt 0:00:00]} Kc6 {[%emt 0:00:51]} 54. Nd4+ {[%emt 0:00:00]} Kd7 {[%emt 0:00:26]} 55. bxa4 {[%emt 0:00:00]} Ng6 {[%emt 0:00:31]} 56. Nf3 {[%emt 0:00:00]} Nf4+ {[%emt 0:00:24]} 57. Nxf4 {[%emt 0:00:07]} Bxf4 {[%emt 0:00:02]} 58. Nd4 {[%emt 0:00:28]} Bd6 {[%emt 0:01:01]} 59. Nb3 {[%emt 0:00:13]} Bc7 {[%emt 0:00:24]} 60. Nxa5 {[%emt 0:00:14]} Bxa5 {[%emt 0:00:04]} 1/2-1/2